'M' Vocabulary (Hard) Quiz Stats

 Plays Quiz Updated Dec 3, 2016

Support Sporcle.
Go Orange.
Score 0/25 Timer 09:00
0 Plays Today
% Correct
munition
88.7%
mongrel
88.3%
mangrove
84%
morrow
83.4%
maelstrom
82.7%
maverick
81.5%
morbid
81.4%
mellow
81.4%
mollycoddle
81.3%
menagerie
81.3%
malapropism
80.9%
magnate
80.8%
mongoose
80.6%
% Correct
magniloquent
79.7%
magnanimous
78%
moratorium
77.1%
mandible
77.1%
morose
76%
magisterium
74%
mollify
73.6%
malinger
71.4%
mercurial
70.5%
macaque
66.7%
mandrill
65.1%
maxilla
55.2%

You're not logged in!

Compare scores with friends on all Sporcle quizzes.
OR
Log In

From the Vault

Star Wars Character Relationships

by Doctor_Arzt

Spoiler alert -- one character tells another that he's their father.
Remove Ads.
Support Sporcle.
Get the best of Sporcle when you Go Orange. This ad-free experience offers more features, more stats, and more fun while also helping to support Sporcle. Thank you for becoming a member.

Show Comments

Extras

Top Quizzes Today


Score Distribution

Your Account Isn't Verified!

In order to create a playlist on Sporcle, you need to verify the email address you used during registration. Go to your Sporcle Settings to finish the process.

Report this User

Report this user for behavior that violates our Community Guidelines.

Details: